ՀՀ Գիտությունների ազգային ակադեմիայի հիմնարար գիտական գրադարան  =   Fundamental Scientific Library of NAS RA

Դարպասապահը : (Record no. 6659)

MARC details
000 -LEADER
fixed length control field 00848nam a2200241 a 4500
001 - CONTROL NUMBER
control field 000019371
003 - CONTROL NUMBER IDENTIFIER
control field AM-YEHGA
005 - DATE AND TIME OF LATEST TRANSACTION
control field 20250618070811.0
008 - FIXED-LENGTH DATA ELEMENTS--GENERAL INFORMATION
fixed length control field 030329s1989 ai a|||gr|||||||||0darm|d
020 ## - INTERNATIONAL STANDARD BOOK NUMBER
International Standard Book Number 5807701593
040 ## - CATALOGING SOURCE
Original cataloging agency AM-YeHGA
041 0# - LANGUAGE CODE
Language code of text/sound track or separate title arm
090 ## - LOCALLY ASSIGNED LC-TYPE CALL NUMBER (OCLC); LOCAL CALL NUMBER (RLIN)
-- 6703
100 1# - MAIN ENTRY--PERSONAL NAME
Personal name Սանթրյան, Վանիկ Ալեքսանի,
Dates associated with a name 1935-2017
9 (RLIN) 1860
245 10 - TITLE STATEMENT
Title Դարպասապահը :
Remainder of title Ակնարկ /
Statement of responsibility, etc. Վ.Ա. Սանթրյան ; Խմբ.՝ Լ.Տ. Սարգսյան.
260 ## - PUBLICATION, DISTRIBUTION, ETC.
Place of publication, distribution, etc. Երևան :
Name of publisher, distributor, etc. Արևիկ,
Date of publication, distribution, etc. 1989.
300 ## - PHYSICAL DESCRIPTION
Extent 128 էջ :
Other physical details նկ. ;
Dimensions 17 սմ.
600 14 - SUBJECT ADDED ENTRY--PERSONAL NAME
Personal name Զատիկյան, Սերգեյ Բենիամինի,
Dates associated with a name 1925-2004
650 14 - SUBJECT ADDED ENTRY--TOPICAL TERM
Topical term or geographic name entry element Սպորտ
General subdivision Ֆուտբոլ
650 14 - SUBJECT ADDED ENTRY--TOPICAL TERM
Topical term or geographic name entry element Հայ մարզիկներ
700 1# - ADDED ENTRY--PERSONAL NAME
Personal name Սարգսյան, Լիպարիտ Տիգրանի,
Dates associated with a name 1938-2023
Relator term խմբ.
Relationship edt
9 (RLIN) 1060
942 ## - ADDED ENTRY ELEMENTS (KOHA)
Source of classification or shelving scheme Universal Decimal Classification
Koha item type Գրքեր / Books
Holdings
Withdrawn status Lost status Damaged status Not for loan Collection Home library Current library Date acquired Total checkouts Full call number Barcode Date last seen Cost, replacement price Price effective from Koha item type Public note
        General Fundamental Scientific Library Fundamental Scientific Library 21/12/2016   AI/18724 FL0062410 21/12/2016 25.00 21/12/2016 Գրքեր / Books 30 Days Loan
        General Fundamental Scientific Library Fundamental Scientific Library 21/12/2016   AI/18782 FL0062214 21/12/2016 25.00 21/12/2016 Գրքեր / Books 30 Days Loan


ՀՀ ԳԱԱ հիմնարար գիտական գրադարան
ՀՀ,Երևան 0019
Մարշալ Բաղրամյան 24/6
հեռախոս:(374-10) 52-47-50
Հետադարձ կապ

All site content, except where otherwise noted, is licensed under a
Creative Commons License